| 000 | 00451nam a22001577a 4500 | ||
|---|---|---|---|
| 005 | 20241031102643.0 | ||
| 008 | 241031b |||||||| |||| 00| 0 eng d | ||
| 020 | _a9781844806119 | ||
| 050 | _aQA9.8 BEN | ||
| 100 | _aBending, Thomas | ||
| 245 |
_aFoundation mathematics and statistics _cThomas Bending |
||
| 260 |
_aLondon _bThomson Learning _c2007 |
||
| 300 |
_axii.286pages _bill. _c24.5cm |
||
| 650 | _2Mathematics and statistics | ||
| 942 |
_2lcc _cBK _n0 |
||
| 999 |
_c435 _d435 |
||